[Event "European Team Championship"]
[Site "Reykjavik ISL"]
[Date "2015.11.15"]
[EventDate "2015.11.13"]
[Round "3.8"]
[Result "1/2-1/2"]
[White "Dimitrios Mastrovasilis"]
[Black "Luka Lenic"]
[WhiteElo "2615"]
[BlackElo "2625"]
[PlyCount "224"]

1. e4 e5 2. Nf3 Nc6 3. Nc3 Nf6 4. d4 exd4 5. Nxd4 Bb4 6. Nxc6
bxc6 7. Bd3 d5 8. exd5 cxd5 9. O-O O-O 10. h3 c6 11. Qf3 Rb8
12. Bg5 Bd6 13. Rab1 h6 14. Bxf6 Qxf6 15. Qxf6 gxf6 16. Ne2
Be5 17. b3 Be6 18. f4 Bc7 19. Ng3 Bb6+ 20. Kh2 Rfd8 21. Rf3
Kf8 22. Nh5 Bd4 23. Bh7 f5 24. Ng3 Bc8 25. Bxf5 Bb7 26. Bd3
Bc8 27. Rd1 Bh8 28. Bf5 Ba6 29. Bd3 Bc8 30. Re1 Bc3 31. Re2
Bd4 32. Bf5 Ba6 33. Rd2 Bh8 34. Bg4 Rd6 35. c4 Rdd8 36. Rfd3
Bf6 37. Be2 dxc4 38. Rxd8+ Rxd8 39. Rxd8+ Bxd8 40. Bxc4 Bc8
41. Bd3 Be6 42. Ne2 Ke7 43. g4 Kd6 44. Kg3 Kc5 45. h4 f6
46. Be4 a5 47. Kf3 Be7 48. Ng3 Bf8 49. Nh5 Be7 50. Ng7 Bf7
51. Nf5 Bf8 52. Ke3 Be6 53. Kd3 Bd7 54. Ne3 Be6 55. Bf5 Bf7
56. Bd7 Kd6 57. Bc8 Kc5 58. Ba6 Bd5 59. Bc4 Bf3 60. Be6 Bd6
61. g5 fxg5 62. fxg5 hxg5 63. hxg5 Bh5 64. Ke4 Bg6+ 65. Bf5
Bf7 66. g6 Bd5+ 67. Nxd5 cxd5+ 68. Ke3 Be5 69. Be6 Kd6 70. Bf7
Bb2 71. Kf4 Be5+ 72. Kf5 Bg7 73. Be8 Bc3 74. a3 Bb2 75. b4
axb4 76. axb4 Bc3 77. Bf7 Bd4 78. Be8 Bc3 79. Ba4 Ke7 80. b5
Bd4 81. Bb3 Kd6 82. Bc2 Bg7 83. Kf4 Bd4 84. Bd3 Bg7 85. Ke3
Bc3 86. Be2 Kc5 87. Kd3 Bf6 88. Kc2 Bg7 89. Kb3 Bf6 90. Ka4
Bc3 91. Bf3 Kd6 92. Kb3 Bd4 93. Kb4 Ke6 94. Be2 Kf6 95. Bd3
Bb6 96. Kc3 Bc5 97. Kd2 Bd4 98. Ke2 Ke6 99. Kf3 Kd6 100. Kf4
Bg7 101. Kf5 Bd4 102. Be2 Bg7 103. Kg5 Kc5 104. Bd3 Kd6
105. Bf1 Kc5 106. Kf5 Kd6 107. Be2 Bd4 108. Bd3 Bg7 109. Bc2
Kc5 110. Ba4 d4 111. Ke6 d3 112. Kf7 Bd4 1/2-1/2

[Event "European Team Championship"]
[Site "Reykjavik ISL"]
[Date "2015.11.16"]
[EventDate "2015.11.13"]
[Round "4.15"]
[Result "1/2-1/2"]
[White "Helgi Olafsson"]
[Black "Alexey Shirov"]
[WhiteElo "2549"]
[BlackElo "2689"]
[PlyCount "57"]

1. d4 d5 2. c4 c6 3. Nc3 Nf6 4. Nf3 e6 5. Bg5 dxc4 6. e4 b5
7. e5 h6 8. Bh4 g5 9. Nxg5 hxg5 10. Bxg5 Nbd7 11. exf6 Bb7
12. g3 c5 13. d5 Qb6 14. Bg2 O-O-O 15. O-O b4 16. Rb1 Qa6
17. dxe6 Bxg2 18. e7 Bxf1 19. Qd5 Bxe7 20. fxe7 Bd3
21. exd8=Q+ Rxd8 22. Ne4 Bxb1 23. Nd6+ Kc7 24. Bf4 Kb6
25. Nxc4+ Kb5 26. Nd6+ Kb6 27. Nc4+ Kb5 28. Nd6+ Kb6 29. Nc4+
1/2-1/2

[Event "European Team Championship"]
[Site "Reykjavik ISL"]
[Date "2015.11.16"]
[EventDate "2015.11.13"]
[Round "4.13"]
[Result "1/2-1/2"]
[White "Bedri Sadiku"]
[Black "Vladislav Nevednichy"]
[WhiteElo "2197"]
[BlackElo "2569"]
[PlyCount "48"]

1. Nf3 Nf6 2. g3 g6 3. Bg2 Bg7 4. O-O O-O 5. c4 d6 6. Nc3 c6
7. h3 e5 8. e4 Nbd7 9. d4 Qa5 10. dxe5 Nxe5 11. Nxe5 dxe5
12. a3 Be6 13. b4 Qa6 14. c5 Bc4 15. Re1 Rfd8 16. Qc2 Nd7
17. Bg5 Re8 18. Na4 Bd3 19. Qb3 Bc4 20. Qc2 Bd3 21. Qb3 Bc4
22. Qc2 Bd3 23. Qb3 Bc4 24. Qc2 Bd3 1/2-1/2

[Event "European Team Championship"]
[Site "Reykjavik ISL"]
[Date "2015.11.16"]
[EventDate "2015.11.13"]
[Round "4.2"]
[Result "1/2-1/2"]
[White "Nikola Sedlak"]
[Black "Vladislav Tkachiev"]
[WhiteElo "2557"]
[BlackElo "2658"]
[PlyCount "49"]

1. d4 Nf6 2. Nf3 e6 3. Bf4 c5 4. e3 cxd4 5. exd4 Be7 6. Nbd2
b6 7. h3 O-O 8. c3 d6 9. Bd3 Ba6 10. Qe2 Bxd3 11. Qxd3 Nbd7
12. O-O Qc7 13. Rfe1 Rfe8 14. Bh2 Qc6 15. a4 a6 16. c4 d5
17. b3 Bb4 18. Rec1 Qb7 19. Nf1 Rec8 20. Ne3 h6 21. Rc2 Be7
22. Rac1 Ba3 23. Ra1 Be7 24. Rac1 Ba3 25. Ra1 1/2-1/2

[Event "European Team Championship"]
[Site "Reykjavik ISL"]
[Date "2015.11.16"]
[EventDate "2015.11.13"]
[Round "4.8"]
[Result "1/2-1/2"]
[White "Erwin L'Ami"]
[Black "Dimitrios Mastrovasilis"]
[WhiteElo "2623"]
[BlackElo "2615"]
[PlyCount "73"]

1. d4 d5 2. c4 c6 3. Nc3 Nf6 4. Nf3 dxc4 5. a4 Bf5 6. e3 e6
7. Bxc4 Bb4 8. O-O Nbd7 9. Qe2 Bg6 10. e4 O-O 11. Bd3 Bh5
12. e5 Nd5 13. Nxd5 cxd5 14. Qe3 Re8 15. Bd2 Qe7 16. Bxb4 Qxb4
17. Qd2 Qe7 18. Ne1 Nf8 19. f4 Rac8 20. Nc2 Bg6 21. Bxg6 hxg6
22. Rf3 Rc6 23. Rc3 Rxc3 24. bxc3 Rc8 25. Ne3 Qc7 26. Ra3 Nd7
27. h4 Nb6 28. Qb2 Qe7 29. g3 Nc4 30. Nxc4 Rxc4 31. a5 Qd7
32. Kf2 Rc7 33. Qb4 Rc4 34. Qb2 Rc7 35. Qb4 Rc4 36. Qb2 Rc7
37. Qb4 1/2-1/2

[Event "European Team Championship"]
[Site "Reykjavik ISL"]
[Date "2015.11.16"]
[EventDate "2015.11.13"]
[Round "4.9"]
[Result "1/2-1/2"]
[White "David Navara"]
[Black "Nikola Djukic"]
[WhiteElo "2730"]
[BlackElo "2553"]
[PlyCount "64"]

1. e4 c5 2. Nf3 d6 3. d4 cxd4 4. Nxd4 Nf6 5. Nc3 a6 6. h3 e5
7. Nde2 h5 8. g3 Nbd7 9. Bg2 b5 10. Nd5 Nxd5 11. Qxd5 Qc7
12. Be3 Bb7 13. Qd2 Nf6 14. Nc3 Rc8 15. O-O Qc4 16. Qd3 Be7
17. a3 O-O 18. Bg5 Qxd3 19. cxd3 Nd5 20. Bd2 Nxc3 21. Bxc3 h4
22. a4 hxg3 23. fxg3 Bd8 24. a5 Bg5 25. h4 Be3+ 26. Kh2 Rfd8
27. Bh3 Rc7 28. Rae1 Bc5 29. Rc1 Be3 30. Rce1 Bc5 31. Rc1 Be3
32. Rce1 Bc5 1/2-1/2

[Event "European Team Championship"]
[Site "Reykjavik ISL"]
[Date "2015.11.16"]
[EventDate "2015.11.13"]
[Round "4.13"]
[Result "1/2-1/2"]
[White "Bedri Sadiku"]
[Black "Vladislav Nevednichy"]
[WhiteElo "2197"]
[BlackElo "2569"]
[PlyCount "49"]

1. Nf3 Nf6 2. g3 g6 3. Bg2 Bg7 4. O-O O-O 5. c4 d6 6. Nc3 c6
7. h3 e5 8. e4 Nbd7 9. d4 Qa5 10. dxe5 Nxe5 11. Nxe5 dxe5
12. a3 Be6 13. b4 Qa6 14. c5 Bc4 15. Re1 Rfd8 16. Qc2 Nd7
17. Bg5 Re8 18. Na4 Bd3 19. Qb3 Bc4 20. Qc2 Bd3 21. Qb3 Bc4
22. Qc2 Bd3 23. Qb3 Bc4 24. Qc2 Bd3 25. Qb3 1/2-1/2

[Event "European Team Championship"]
[Site "Reykjavik ISL"]
[Date "2015.11.16"]
[EventDate "2015.11.13"]
[Round "4.17"]
[Result "0-1"]
[White "Aloyzas Kveinys"]
[Black "Mher Hovhanisian"]
[WhiteElo "2510"]
[BlackElo "2495"]
[PlyCount "50"]

1. d4 d5 2. c4 c6 3. Nc3 Nf6 4. e3 e6 5. Nf3 Nbd7 6. Qc2 Bd6
7. b3 O-O 8. Bb2 e5 9. Be2 Qe7 10. cxd5 cxd5 11. dxe5 Nxe5
12. Nd4 Nc6 13. Rd1 Nxd4 14. Rxd4 Be6 15. Rd1 Rac8 16. Qd3 d4
17. exd4 Bg4 18. Kf1 Rfe8 19. Bxg4 Nxg4 20. h3 Qh4 21. Qf3
Nh2+ 22. Rxh2 Bxh2 23. Qxb7 Qh5 24. Qd7 Qg6 25. Qg4 Qa6+ 0-1

[Event "European Team Championship"]
[Site "Reykjavik ISL"]
[Date "2015.11.16"]
[EventDate "2015.11.13"]
[Round "4.2"]
[Result "1-0"]
[White "Milos Perunovic"]
[Black "Romain Edouard"]
[WhiteElo "2624"]
[BlackElo "2632"]
[PlyCount "65"]

1. e4 e6 2. d4 d5 3. Nc3 Bb4 4. e5 c5 5. a3 Bxc3+ 6. bxc3 Ne7
7. Qg4 cxd4 8. Qxg7 Rg8 9. Qxh7 Qc7 10. Kd1 Nbc6 11. Nf3 Nxe5
12. Bf4 Qxc3 13. Nxe5 Qxa1+ 14. Bc1 d3 15. Qxf7+ Kd8 16. Qf6
dxc2+ 17. Kd2 Qd4+ 18. Bd3 Qc5 19. Ke2 Bd7 20. Be3 d4 21. Bxd4
Qd5 22. Rc1 Bb5 23. Rxc2 Bxd3+ 24. Kxd3 Qb3+ 25. Kd2 Qd5
26. Ke3 Re8 27. Nf7+ Kd7 28. Ne5+ Kd8 29. Bc5 Qb3+ 30. Kd2
Qd5+ 31. Kc1 Rc8 32. Bxe7+ Rxe7 33. Qf8+ 1-0

[Event "European Team Championship"]
[Site "Reykjavik ISL"]
[Date "2015.11.16"]
[EventDate "2015.11.13"]
[Round "4.3"]
[Result "0-1"]
[White "Emre Can"]
[Black "Rauf Mamedov"]
[WhiteElo "2535"]
[BlackElo "2653"]
[PlyCount "80"]

1. d4 Nf6 2. c4 g6 3. Nc3 Bg7 4. e4 d6 5. Nf3 O-O 6. Be2 e5
7. O-O c6 8. Re1 Nbd7 9. Bf1 Re8 10. d5 c5 11. a3 Nf8 12. b4
b6 13. Rb1 h6 14. Bd3 g5 15. Bc2 Ng6 16. Ba4 Bd7 17. bxc5 dxc5
18. Nd2 Rf8 19. Bxd7 Qxd7 20. Nf1 Ne8 21. Nb5 Rb8 22. a4 a6
23. Nc3 Nd6 24. Ne3 Nf4 25. Ba3 Rfc8 26. g3 Qh3 27. Rb3 Nxc4
28. Qc2 b5 29. axb5 Nxa3 30. Rxa3 axb5 31. Rb1 b4 32. Rab3 Bf8
33. gxf4 exf4 34. Ncd1 c4 35. Nxc4 f3 36. Rxf3 Qxf3 37. Nde3
b3 38. Qd3 b2 39. e5 Rb4 40. Nxb2 Rxb2 0-1

[Event "European Team Championship"]
[Site "Reykjavik ISL"]
[Date "2015.11.16"]
[EventDate "2015.11.13"]
[Round "4.4"]
[Result "1-0"]
[White "David Anton Guijarro"]
[Black "Sebastian Bogner"]
[WhiteElo "2630"]
[BlackElo "2549"]
[PlyCount "81"]

1. Nf3 d5 2. d4 Nf6 3. c4 c6 4. e3 Bg4 5. Nbd2 Nbd7 6. Qc2 e6
7. Bd3 Bd6 8. c5 Bc7 9. b4 Bxf3 10. Nxf3 e5 11. Be2 e4 12. Nd2
Ng8 13. b5 f5 14. Rb1 Ne7 15. Qa4 O-O 16. g3 g5 17. Nb3 Nf6
18. Bd2 Qd7 19. Na5 Bxa5 20. Qxa5 Ng6 21. Rb3 f4 22. gxf4 gxf4
23. exf4 Nh4 24. Be3 Kh8 25. Kd2 Nf3+ 26. Kc3 b6 27. bxc6 Qxc6
28. Qb5 Qe6 29. cxb6 axb6 30. Kb2 Rab8 31. Rc1 Nh5 32. Rc6 Qf5
33. Rxb6 Rxb6 34. Qxb6 Nxf4 35. Bxf3 exf3 36. Qc7 Nd3+ 37. Kc3
Rc8 38. Rb8 Rxb8 39. Qxb8+ Kg7 40. Qb7+ Kf8 41. Bh6+ 1-0

[Event "European Team Championship"]
[Site "Reykjavik ISL"]
[Date "2015.11.16"]
[EventDate "2015.11.13"]
[Round "4.4"]
[Result "1-0"]
[White "Jose Carlos Ibarra Jerez"]
[Black "Joseph G Gallagher"]
[WhiteElo "2545"]
[BlackElo "2444"]
[PlyCount "79"]

1. e4 c5 2. b3 g6 3. Bb2 Nf6 4. e5 Nd5 5. e6 f6 6. exd7+ Bxd7
7. Nc3 Bc6 8. Nxd5 Bxd5 9. Ne2 Bh6 10. Nc3 Nc6 11. f3 Nd4
12. Nxd5 Qxd5 13. c3 Qe5+ 14. Be2 Nf5 15. g3 Rd8 16. f4 Qd6
17. Qc2 e5 18. O-O-O exf4 19. g4 Ne7 20. Bc4 b5 21. Bxb5+ Kf7
22. h4 f3 23. Qe4 f2 24. Bc4+ Kg7 25. Rhf1 f5 26. Qe2 fxg4
27. Rxf2 Nf5 28. Qxg4 Rhf8 29. Re2 Kh8 30. Be6 Bg7 31. Bc4 a5
32. Rf2 Rfe8 33. h5 Ng3 34. hxg6 Re4 35. Qh3 Qxg6 36. Rg2 Rg4
37. Bf7 Qg5 38. Be6 Ne2+ 39. Rxe2 Rg3 40. Qf5 1-0

[Event "European Team Championship"]
[Site "Reykjavik ISL"]
[Date "2015.11.16"]
[EventDate "2015.11.13"]
[Round "4.5"]
[Result "0-1"]
[White "Nigel Short"]
[Black "Hrant Melkumyan"]
[WhiteElo "2686"]
[BlackElo "2632"]
[PlyCount "100"]

1. c4 g6 2. e4 e5 3. Nf3 Bg7 4. d4 exd4 5. Nxd4 Nf6 6. Bd3 O-O
7. O-O Nc6 8. Ne2 d6 9. Nbc3 Nd7 10. Bc2 Nc5 11. Be3 Be6
12. b3 a5 13. Rc1 a4 14. Nd5 Re8 15. Nef4 axb3 16. axb3 Bxd5
17. cxd5 Nb4 18. Bb1 Nxe4 19. Rc4 Nc3 20. Qd2 Nxb1 21. Rxb1
Na6 22. b4 Qd7 23. Qd3 Re7 24. g3 Rae8 25. b5 Nc5 26. Bxc5
dxc5 27. Rxc5 Re1+ 28. Rxe1 Rxe1+ 29. Kg2 Bf8 30. Rc4 Bd6
31. Ra4 Re8 32. Ne2 Rd8 33. Ra7 Bc5 34. b6 Bxb6 35. Rxb7 Qc8
36. Qa6 Qf5 37. Nf4 Qe4+ 38. f3 Qe3 39. Qa2 Qg1+ 40. Kh3 Qf1+
41. Kg4 h5+ 42. Kg5 Qxf3 43. Qb2 Kh7 44. Qe5 Qg4+ 45. Kf6 Bd4
46. Qxd4 Rd6+ 47. Kxf7 Qd7+ 48. Kf8 Qd8+ 49. Kf7 Rd7+ 50. Ke6
Qe7# 0-1

[Event "European Team Championship"]
[Site "Reykjavik ISL"]
[Date "2015.11.16"]
[EventDate "2015.11.13"]
[Round "4.6"]
[Result "1-0"]
[White "Aryan Tari"]
[Black "Lars Schandorff"]
[WhiteElo "2532"]
[BlackElo "2519"]
[PlyCount "85"]

1. e4 e5 2. Nf3 Nc6 3. Bb5 a6 4. Ba4 Nf6 5. O-O Be7 6. d3 b5
7. Bb3 d6 8. a4 Bd7 9. c3 O-O 10. Re1 Na5 11. Bc2 c5 12. Nbd2
Qc7 13. Nf1 Rfb8 14. Ne3 h6 15. d4 cxd4 16. cxd4 Nc4 17. Nxc4
bxc4 18. h3 Rb7 19. d5 a5 20. Ra3 Rb4 21. Rc3 Qd8 22. Nd2 Rc8
23. Qe2 Bxa4 24. Bxa4 Rxa4 25. Nxc4 Rb4 26. Qc2 Rb5 27. Bd2
Ra8 28. Ra1 Qb8 29. Rca3 Bd8 30. b4 Rxb4 31. Bxb4 Qxb4 32. Rb3
Qc5 33. Rc3 Rc8 34. Rc1 Qb4 35. Nd2 Rxc3 36. Qxc3 Qxc3
37. Rxc3 Bb6 38. Rc8+ Kh7 39. Kf1 Bc5 40. f3 Nh5 41. Nc4 a4
42. g4 Nf4 43. Nxe5 1-0

[Event "European Team Championship"]
[Site "Reykjavik ISL"]
[Date "2015.11.16"]
[EventDate "2015.11.13"]
[Round "4.6"]
[Result "1/2-1/2"]
[White "Mads Andersen"]
[Black "Frode Olav Olsen Urkedal"]
[WhiteElo "2459"]
[BlackElo "2505"]
[PlyCount "80"]

1. d4 Nf6 2. c4 e6 3. Nf3 b6 4. g3 Bb7 5. Bg2 Be7 6. O-O O-O
7. Re1 d5 8. cxd5 exd5 9. Nc3 Nbd7 10. Bf4 c5 11. dxc5 Nxc5
12. Nd4 Nfe4 13. Nxe4 Nxe4 14. Nf5 Bf6 15. Bxe4 dxe4 16. Bd6
Re8 17. Ba3 Re5 18. Qxd8+ Rxd8 19. Ne3 h5 20. Rac1 Rc8
21. Red1 Ree8 22. Kf1 Ba6 23. Ke1 Bg5 24. h4 Bxe3 25. fxe3 Bc4
26. b3 Be6 27. Rxc8 Rxc8 28. Rc1 Ra8 29. Bd6 a5 30. Rc6 a4
31. Rxb6 axb3 32. axb3 Ra2 33. Rb4 Bg4 34. Rxe4 Rxe2+ 35. Kf1
Rb2 36. b4 Rb1+ 37. Kf2 Rb2+ 38. Kf1 Rb1+ 39. Kf2 Rb2+ 40. Kf1
Rb1+ 1/2-1/2

[Event "European Team Championship"]
[Site "Reykjavik ISL"]
[Date "2015.11.16"]
[EventDate "2015.11.13"]
[Round "4.6"]
[Result "1-0"]
[White "Johan Salomon"]
[Black "Mikkel Manosri Jacobsen"]
[WhiteElo "2459"]
[BlackElo "2210"]
[PlyCount "77"]

1. d4 Nf6 2. c4 e6 3. Nf3 d5 4. g3 Be7 5. Bg2 O-O 6. O-O b6
7. cxd5 exd5 8. Nc3 Bb7 9. Bf4 Nh5 10. Bd2 Nd7 11. Ne5 Nhf6
12. Qa4 Nxe5 13. dxe5 Ne4 14. Nxe4 dxe4 15. Rfd1 Qe8 16. Qc4
Qc6 17. Qxc6 Bxc6 18. Rac1 Bd5 19. Rxc7 Bd8 20. Rcc1 a5
21. Be3 Bxa2 22. Bxe4 Rb8 23. Rd3 Be6 24. f4 g6 25. Rc6 Re8
26. Kf2 a4 27. Rc1 b5 28. Bc6 Re7 29. Bxb5 Bf5 30. Rdd1 Rxb5
31. Rxd8+ Kg7 32. Bc5 Rd7 33. Bf8+ Kg8 34. Rcc8 Rxd8 35. Rxd8
h5 36. Be7+ Kh7 37. Bf6 g5 38. Rh8+ Kg6 39. Rg8+ 1-0

[Event "European Team Championship"]
[Site "Reykjavik ISL"]
[Date "2015.11.16"]
[EventDate "2015.11.13"]
[Round "4.7"]
[Result "1-0"]
[White "Baadur Jobava"]
[Black "Ivan Saric"]
[WhiteElo "2668"]
[BlackElo "2652"]
[PlyCount "115"]

1. e4 e5 2. Nf3 Nc6 3. c3 Nf6 4. d4 Nxe4 5. d5 Ne7 6. Nxe5 Ng6
7. Qe2 Qe7 8. Qxe4 Qxe5 9. Qxe5+ Nxe5 10. Bf4 Bd6 11. Bg3 f5
12. Nd2 O-O 13. f4 Ng6 14. O-O-O Bxf4 15. d6 cxd6 16. Bxf4
Nxf4 17. g3 Nh5 18. Nc4 d5 19. Nd6 Nf6 20. Bg2 Ne4 21. Rxd5
Nxd6 22. Rxd6 Re8 23. Rf1 g6 24. Bd5+ Kh8 25. Kd2 a5 26. Rf4
Re5 27. Rc4 Rb8 28. Rc7 b6 29. c4 Kg7 30. a4 Kf8 31. Rf6+ Ke8
32. Ra7 Re7 33. h4 Rg7 34. Ke3 Ke7 35. Re6+ Kd8 36. Re5 h6
37. Kd4 Rh7 38. h5 Rg7 39. hxg6 Rxg6 40. Re3 Rg7 41. Rf3 Rg6
42. Rxf5 Rxg3 43. Rf8+ Ke7 44. Rf7+ Kd6 45. Rf6+ Ke7 46. Rxh6
Rg4+ 47. Ke5 Rg5+ 48. Kf4 Rg1 49. Be4 Re1 50. b3 Re2 51. Ke5
Kf7 52. Kd6 Rxe4 53. Kc7 Rb7+ 54. Rxb7 Bxb7 55. Kxb7 Re6
56. Rxe6 dxe6 57. Kxb6 e5 58. Kxa5 1-0

[Event "European Team Championship"]
[Site "Reykjavik ISL"]
[Date "2015.11.16"]
[EventDate "2015.11.13"]
[Round "4.7"]
[Result "1-0"]
[White "Levan Pantsulaia"]
[Black "Zdenko Kozul"]
[WhiteElo "2567"]
[BlackElo "2617"]
[PlyCount "81"]

1. Nf3 Nf6 2. g3 g6 3. b3 Bg7 4. Bb2 d5 5. c4 c6 6. Bg2 Qb6
7. Qc2 O-O 8. O-O Bg4 9. d3 Bxf3 10. Bxf3 e6 11. e3 Nbd7
12. d4 h5 13. Nc3 Nh7 14. Rfd1 h4 15. Rac1 Qd8 16. Bg2 f5
17. Ba3 Re8 18. cxd5 exd5 19. Nxd5 h3 20. Nf4 Ng5 21. Nxh3
Nxh3+ 22. Bxh3 Nf6 23. Bg2 Qd7 24. Qc4+ Kh7 25. d5 Rad8
26. dxc6 Qxd1+ 27. Rxd1 Rxd1+ 28. Bf1 bxc6 29. Qxc6 Rd2
30. Bc4 Rxa2 31. Bc5 Rd8 32. Bd4 Ne4 33. Bd5 Rxd5 34. Qxd5
Bxd4 35. exd4 Nxf2 36. Qg2 a5 37. Qxf2 Rxf2 38. Kxf2 Kg7
39. g4 Kf6 40. gxf5 Kxf5 41. Kf3 1-0

[Event "European Team Championship"]
[Site "Reykjavik ISL"]
[Date "2015.11.16"]
[EventDate "2015.11.13"]
[Round "4.8"]
[Result "1/2-1/2"]
[White "Sergei Tiviakov"]
[Black "Ioannis Nikolaidis"]
[WhiteElo "2608"]
[BlackElo "2563"]
[PlyCount "84"]

1. e4 c6 2. d4 d5 3. Nd2 dxe4 4. Nxe4 Nd7 5. Nf3 Ngf6 6. Nxf6+
Nxf6 7. Bc4 Bf5 8. c3 e6 9. Qe2 Bd6 10. Ne5 h5 11. O-O Qc7
12. Re1 O-O-O 13. h3 Nd5 14. Bb3 f6 15. Nc4 g5 16. Nxd6+ Qxd6
17. Bc2 Qd7 18. Bxf5 exf5 19. Bd2 f4 20. Qe6 Rde8 21. Qxd7+
Kxd7 22. Kf1 Ne7 23. Re4 Nf5 24. Rxe8 Rxe8 25. Re1 Rxe1+
26. Bxe1 Ke6 27. Ke2 Nh4 28. g3 Ng6 29. c4 f5 30. Bd2 fxg3
31. fxg3 f4 32. Kf3 Kf5 33. g4+ hxg4+ 34. hxg4+ Ke6 35. Ke4
Nh8 36. d5+ cxd5+ 37. cxd5+ Kd7 38. Bc3 Nf7 39. Bf6 a6 40. b3
Nd6+ 41. Kf3 Nf7 42. Ke4 Nd6+ 1/2-1/2

[Event "European Team Championship"]
[Site "Reykjavik ISL"]
[Date "2015.11.16"]
[EventDate "2015.11.13"]
[Round "4.9"]
[Result "1/2-1/2"]
[White "Zbynek Hracek"]
[Black "Dragan Kosic"]
[WhiteElo "2609"]
[BlackElo "2470"]
[PlyCount "80"]

1. d4 Nf6 2. c4 e6 3. Nf3 Bb4+ 4. Bd2 Bxd2+ 5. Qxd2 O-O 6. g3
d5 7. Bg2 Nbd7 8. O-O c6 9. Rc1 b6 10. Na3 Ba6 11. Ne5 Nxe5
12. dxe5 Nd7 13. cxd5 cxd5 14. Qe3 Qe7 15. Nc2 Rac8 16. Nd4
Nb8 17. f4 Rxc1+ 18. Rxc1 Rc8 19. Rxc8+ Bxc8 20. Qc3 Qc5
21. e4 Qxc3 22. bxc3 dxe4 23. Bxe4 Bd7 24. Kf2 Na6 25. Bc6 Nc5
26. Bxd7 Nxd7 27. Ke3 a6 28. Nc6 Kf8 29. Kd4 Ke8 30. g4 Nc5
31. Na5 Ke7 32. Nc4 Nd7 33. Nd6 f6 34. h4 fxe5+ 35. fxe5 h6
36. Nb7 Nb8 37. Nd6 Nc6+ 38. Ke4 Kd7 39. h5 Ne7 40. Kd4 Nc6+
1/2-1/2

[Event "European Team Championship"]
[Site "Reykjavik ISL"]
[Date "2015.11.16"]
[EventDate "2015.11.13"]
[Round "4.9"]
[Result "1/2-1/2"]
[White "Luka Draskovic"]
[Black "Jiri Stocek"]
[WhiteElo "2454"]
[BlackElo "2557"]
[PlyCount "83"]

1. e4 e6 2. d4 d5 3. Nd2 h6 4. Ngf3 Nf6 5. e5 Nfd7 6. c4 Be7
7. Bd3 O-O 8. O-O c5 9. cxd5 exd5 10. Re1 Nc6 11. Bb1 Re8
12. Qc2 Nf8 13. dxc5 Bg4 14. a3 a5 15. b3 b6 16. cxb6 Qxb6
17. Bb2 Bc5 18. Rf1 Nd4 19. Qd1 Rad8 20. h3 Bh5 21. g4 Bg6
22. Bxg6 Nxg6 23. Nxd4 Bxd4 24. Bxd4 Qxd4 25. Nf3 Qb6 26. Re1
d4 27. Re4 d3 28. Rc1 f6 29. Rc3 fxe5 30. Rxd3 Nf4 31. Rxd8
Rxd8 32. Qc2 Nxh3+ 33. Kg2 Rf8 34. Rxe5 Qb7 35. Rf5 Nf4+
36. Kg3 Rxf5 37. Qxf5 Ne2+ 38. Kh2 Qxb3 39. Qc8+ Kh7 40. Qf5+
Kg8 41. Qc8+ Kh7 42. Qf5+ 1/2-1/2

[Event "European Team Championship"]
[Site "Reykjavik ISL"]
[Date "2015.11.16"]
[EventDate "2015.11.13"]
[Round "4.10"]
[Result "1/2-1/2"]
[White "Emanuel Berg"]
[Black "Georg Meier"]
[WhiteElo "2575"]
[BlackElo "2654"]
[PlyCount "82"]

1. e4 e6 2. d4 d5 3. Nc3 dxe4 4. Nxe4 Nd7 5. Nf3 Ngf6 6. Bg5
Be7 7. Nxf6+ Bxf6 8. h4 O-O 9. Qe2 c5 10. O-O-O cxd4 11. Qe4
e5 12. Bd3 g6 13. Rhe1 Re8 14. Qd5 Re6 15. Bb5 Qc7 16. Qc4 Qd6
17. Bxd7 Bxd7 18. Bxf6 Rxf6 19. Nxe5 Be6 20. Qxd4 Qxd4
21. Rxd4 Rxf2 22. Nd3 Rxg2 23. Nf4 Rh2 24. Nxe6 fxe6 25. Rd7
b5 26. Rc7 Rxh4 27. Rxe6 Kh8 28. Kd2 g5 29. Ke3 Rf8 30. Re5
Rh3+ 31. Ke4 Rg8 32. Rcc5 g4 33. Rg5 Rxg5 34. Rxg5 Rh2
35. Rxb5 h5 36. Kf4 Kg7 37. Ra5 Rxc2 38. Rxh5 Rxb2 39. Ra5
Rb4+ 40. Kg3 Kf6 41. Rxa7 Ke5 1/2-1/2

[Event "European Team Championship"]
[Site "Reykjavik ISL"]
[Date "2015.11.16"]
[EventDate "2015.11.13"]
[Round "4.10"]
[Result "0-1"]
[White "Erik Blomqvist"]
[Black "Dennis Wagner"]
[WhiteElo "2486"]
[BlackElo "2575"]
[PlyCount "84"]

1. d4 Nf6 2. c4 g6 3. Nc3 d5 4. Nf3 Bg7 5. e3 O-O 6. Be2 c5
7. dxc5 dxc4 8. O-O Qa5 9. Qd4 Nbd7 10. Qxc4 Qxc5 11. Qh4 Nb6
12. e4 Bg4 13. Re1 Bxf3 14. Bxf3 Nc4 15. Qg5 Nd7 16. Be2 Qxg5
17. Bxg5 Nxb2 18. Rec1 Nb6 19. a4 e6 20. a5 N6c4 21. Ra2 h6
22. Be7 Rfc8 23. Bb4 Rd8 24. Nb1 Rac8 25. g3 Nxa5 26. Rxc8
Rxc8 27. Rxa5 Rc1+ 28. Kg2 Rxb1 29. Rxa7 Nd3 30. Bd6 Ne1+
31. Kf1 Bd4 32. Ra8+ Kg7 33. f4 Nd3+ 34. Kg2 Rg1+ 35. Kf3 Ne1+
36. Kg4 Rg2 37. Bd1 Rxh2 38. Bf8+ Kh7 39. e5 f5+ 40. exf6 Bxf6
41. f5 exf5+ 42. Kf4 Rd2 0-1

[Event "European Team Championship"]
[Site "Reykjavik ISL"]
[Date "2015.11.16"]
[EventDate "2015.11.13"]
[Round "4.11"]
[Result "1-0"]
[White "Jure Skoberne"]
[Black "Valerii Iovcov"]
[WhiteElo "2544"]
[BlackElo "2421"]
[PlyCount "81"]

1. Nf3 Nf6 2. g3 d5 3. Bg2 e6 4. O-O Be7 5. c4 O-O 6. d4 dxc4
7. Qc2 a6 8. a4 Bd7 9. Rd1 Bc6 10. Nc3 Bxf3 11. Bxf3 Nc6
12. Bxc6 bxc6 13. Bg5 Rb8 14. Rac1 Nd5 15. Bxe7 Qxe7 16. Ne4
Rb4 17. Nd2 c5 18. Nxc4 Rfb8 19. a5 cxd4 20. Rxd4 Qf6 21. Qd2
Qh6 22. e3 R4b5 23. Rc2 Qf6 24. Na3 Rb4 25. Rxb4 Rxb4 26. Qe2
h5 27. e4 Ne7 28. Qxa6 Rxb2 29. Qa8+ Kh7 30. Qd8 Rb3 31. Nc4
Rb1+ 32. Kg2 h4 33. Ne3 h3+ 34. Kxh3 Rg1 35. Rc5 g5 36. Kg4
Qf4+ 37. Kh5 Qf3+ 38. Ng4 Ng6 39. Qf6 Nf4+ 40. Kxg5 Nh3+
41. Kh4 1-0

[Event "European Team Championship"]
[Site "Reykjavik ISL"]
[Date "2015.11.16"]
[EventDate "2015.11.13"]
[Round "4.12"]
[Result "1/2-1/2"]
[White "Sabino Brunello"]
[Black "Hedinn Steingrimsson"]
[WhiteElo "2562"]
[BlackElo "2566"]
[PlyCount "86"]

1. d4 d5 2. c4 e6 3. Nf3 Nf6 4. Bg5 h6 5. Bxf6 Qxf6 6. Nbd2
Nd7 7. Qc2 c6 8. g3 dxc4 9. Bg2 Be7 10. Nxc4 Bb4+ 11. Kf1 O-O
12. a3 Be7 13. e4 Rd8 14. Ke2 Nb6 15. Na5 Bf8 16. Rhd1 Rb8
17. b4 Bd7 18. Kf1 Be8 19. Rd2 Qe7 20. Re1 f6 21. Bh3 Kh8
22. Nh4 g5 23. Ng2 h5 24. f3 Bg6 25. Qb3 Re8 26. Ne3 Rbd8
27. Qd1 Bh6 28. Kg1 f5 29. Bg2 Qg7 30. e5 f4 31. gxf4 gxf4
32. Nec4 Nd5 33. Nd6 Re7 34. Kh1 Ne3 35. Qc1 h4 36. Bh3 Bh5
37. Rf2 Rg8 38. Rg1 Qxg1+ 39. Qxg1 Rxg1+ 40. Kxg1 Rg7+ 41. Kh1
Nd1 42. Rf1 Ne3 43. Rf2 Nd1 1/2-1/2

[Event "European Team Championship"]
[Site "Reykjavik ISL"]
[Date "2015.11.16"]
[EventDate "2015.11.13"]
[Round "4.13"]
[Result "1/2-1/2"]
[White "Mihail Marin"]
[Black "Nderim Saraci"]
[WhiteElo "2589"]
[BlackElo "2215"]
[PlyCount "80"]

1. Nf3 Nf6 2. g3 d5 3. Bg2 e6 4. O-O Be7 5. c4 O-O 6. b3 b6
7. Bb2 Bb7 8. e3 c5 9. Nc3 dxc4 10. bxc4 Nc6 11. Qe2 Nb4
12. d4 cxd4 13. exd4 Rc8 14. Rfd1 Qc7 15. a3 Na6 16. Nb5 Bxf3
17. Qxf3 Qxc4 18. Nxa7 Rc7 19. Rdc1 Qa4 20. Rxc7 Nxc7 21. Nc6
Bd6 22. Qd1 Ra8 23. Ne5 Qxd1+ 24. Rxd1 Ncd5 25. Rc1 b5 26. Bf1
b4 27. axb4 Bxb4 28. Ra1 Rxa1 29. Bxa1 Bc3 30. Bxc3 Nxc3
31. Bd3 Ncd5 32. Kg2 Nb4 33. Bc4 Kf8 34. Kf1 Ke7 35. Ke2 Kf8
36. Bb3 Ke7 37. Bc4 Kf8 38. Bb3 Ke7 39. Bc4 Kf8 40. Bb3 Ke7
1/2-1/2